<?xml version="1.0" encoding="UTF-8"?>
<collection xmlns="http://www.loc.gov/MARC21/slim">
<record>
  <controlfield tag="001">109265</controlfield>
  <controlfield tag="005">20220104094602.0</controlfield>
  <datafield tag="037" ind1=" " ind2=" ">
    <subfield code="a">TAZ-TFG-2021-2819</subfield>
  </datafield>
  <datafield tag="041" ind1=" " ind2=" ">
    <subfield code="a">spa</subfield>
  </datafield>
  <datafield tag="100" ind1="1" ind2=" ">
    <subfield code="a">Soldevilla Lozano, María Cruz</subfield>
  </datafield>
  <datafield tag="242" ind1="0" ind2="0">
    <subfield code="a">STUDY OF THE FAMILY RELATIONSHIP IN PATIENTS AT THE NEUROPSYCHIATRIC CENTER "NUESTRA SEÑORA DEL CARMEN" AS A LAST RESORT</subfield>
  </datafield>
  <datafield tag="245" ind1="0" ind2="0">
    <subfield code="a">ESTUDIO DE LA RELACIÓN FAMILIAR EN PACIENTES EN EL CENTRO NEUROPSIQUIÁTRICO NUESTRA SEÑORA DEL CARMEN COMO ÚLTIMO RECURSO</subfield>
  </datafield>
  <datafield tag="260" ind1=" " ind2=" ">
    <subfield code="a">Zaragoza</subfield>
    <subfield code="b">Universidad de Zaragoza</subfield>
    <subfield code="c">2021</subfield>
  </datafield>
  <datafield tag="506" ind1=" " ind2=" ">
    <subfield code="a">by-nc-sa</subfield>
    <subfield code="b">Creative Commons</subfield>
    <subfield code="c">3.0</subfield>
    <subfield code="u">http://creativecommons.org/licenses/by-nc-sa/3.0/</subfield>
  </datafield>
  <datafield tag="520" ind1=" " ind2=" ">
    <subfield code="a">El presente Trabajo de Fin de Grado pretende analizar el perfil y las relaciones familiares de pacientes con trastorno mental grave ingresados en el Neuropsiquiatrico Nuestra Señor del Carmen de Garrapinillos (Zaragoza). Debido a que la mayoría de los pacientes son refractarios, muchos son derivados al centro como última red de recursos, tras haber agotado anteriormente todos los recursos existentes dentro de la comunidad. Por estos motivos, el trabajo con las familias es complejo y esencial. Para poder aportar una visión objetiva sobre el tema tratado, se han realizado entrevistas a varios profesionales del centro y se ha realizado una revisión exhaustiva de todas las historias sociales de cada uno de los pacientes. Los resultados muestran que los pacientes llevan un largo recorrido psiquiátrico que ha deteriorado en gran medida la comunicación con su familia y que, a pesar de que, en muchos casos, los familiares han cedido su protección a la administración, siguen proporcionándoles implicación emocional, material y médica y esta ha mejorado con la estancia en el centro.&lt;br />&lt;br /></subfield>
  </datafield>
  <datafield tag="521" ind1=" " ind2=" ">
    <subfield code="a">Graduado en Trabajo Social</subfield>
  </datafield>
  <datafield tag="540" ind1=" " ind2=" ">
    <subfield code="a">Derechos regulados por licencia Creative Commons</subfield>
  </datafield>
  <datafield tag="700" ind1=" " ind2=" ">
    <subfield code="a">Lacruz Casaucau, Beatriz</subfield>
    <subfield code="e">dir.</subfield>
  </datafield>
  <datafield tag="710" ind1="2" ind2=" ">
    <subfield code="a">Universidad de Zaragoza</subfield>
    <subfield code="b">Métodos Estadísticos</subfield>
    <subfield code="c">Estadística e Investigación Operativa</subfield>
  </datafield>
  <datafield tag="856" ind1="0" ind2=" ">
    <subfield code="f">765358@unizar.es</subfield>
  </datafield>
  <datafield tag="856" ind1="4" ind2=" ">
    <subfield code="s">723048</subfield>
    <subfield code="u">http://zaguan.unizar.es/record/109265/files/TAZ-TFG-2021-2819.pdf</subfield>
    <subfield code="y">Memoria (spa)</subfield>
  </datafield>
  <datafield tag="856" ind1="4" ind2=" ">
    <subfield code="s">723048</subfield>
    <subfield code="u">http://zaguan.unizar.es/record/109265/files/TAZ-TFG-2021-2819_ANE.pdf</subfield>
    <subfield code="y">Anexos (spa)</subfield>
  </datafield>
  <datafield tag="909" ind1="C" ind2="O">
    <subfield code="o">oai:zaguan.unizar.es:109265</subfield>
    <subfield code="p">driver</subfield>
    <subfield code="p">trabajos-fin-grado</subfield>
  </datafield>
  <datafield tag="950" ind1=" " ind2=" ">
    <subfield code="a"></subfield>
  </datafield>
  <datafield tag="980" ind1=" " ind2=" ">
    <subfield code="a">TAZ</subfield>
    <subfield code="b">TFG</subfield>
    <subfield code="c">SOCIZ</subfield>
  </datafield>
  <datafield tag="999" ind1=" " ind2=" ">
    <subfield code="a">20210625150837.CREATION_DATE</subfield>
  </datafield>
  <datafield tag="951" ind1=" " ind2=" ">
    <subfield code="a">deposita:2022-01-04</subfield>
  </datafield>
</record>
</collection>